00333pab a2200121 454500008004000000100001900040245006900059260000900128300001500137362000800152650002500160773002600185180718b2011 xxu||||| |||| 00| 0 eng d aSarkar, Swapan aBehavioural finance: Explaining irrational investment strategies c2011 ap.860-861. aOct aBehavioural sciences aManagement Accountant